LETTURE SPIRITUALI SULLA VITA DI GESÙ E DI MARIA. TOMO II. (Record n. 265840)

Dettagli MARC
000 -LEADER
fixed length control field 01251nam a2200229Ia 4500
001 - CONTROL NUMBER
control field L232-6658
003 - CONTROL NUMBER IDENTIFIER
control field IT-CnALBA
008 - FIXED-LENGTH DATA ELEMENTS--GENERAL INFORMATION
fixed length control field 170116s9999||||xx |||||||||||||| ||und||
040 ## - CATALOGING SOURCE
Original cataloging agency IT-CnALBA
Transcribing agency IT-CnALBA
041 ## - LANGUAGE CODE
Language code of text/sound track or separate title ITALIANO
999 ## - SYSTEM CONTROL NUMBERS (KOHA)
Koha Dewey Subclass [OBSOLETE] SI
100 ## - MAIN ENTRY--PERSONAL NAME
Personal name SENZA AUTORE
245 #0 - TITLE STATEMENT
Title LETTURE SPIRITUALI SULLA VITA DI GESÙ E DI MARIA. TOMO II.
250 ## - EDITION STATEMENT
Edition statement 1a ed.
260 ## - PUBLICATION, DISTRIBUTION, ETC. (IMPRINT)
Place of publication, distribution, etc. VENEZIA
Name of publisher, distributor, etc. EMILIANA TIP. LIBR. EDITRICE
Date of publication, distribution, etc. 1878 [1° Ed.:1878 - Ed.Ling.Originale: 1878]
300 ## - PHYSICAL DESCRIPTION
Extent 148 p. (prefazione: 56)
500 ## - GENERAL NOTE
General note MEDITAZIONI SU GESÙ E MARIA PER OGNI GIORNO DELL'ANNO. TOMO II MESE DI GENNAIO. LA CIRCONCISIONE. IL NOME DI GESÙ. L'EPIFANIA. LA PRESENTAZIONE DI GESÙ BAMBINO AL TEMPIO. FUGA IN EGITTO. VITA PRIVATA DI GESÙ A NAZARETH. BATTESIMO TENTAZIONI NEL DESERTO. C
501 ## - WITH NOTE
With note Società San Paolo EM - Piazza San Paolo, 14 - 12051 ALBA (CN) (non commercial uses only) ® Copyright 2017
520 ## - SUMMARY, ETC.
Summary, etc. MEDITAZIONI SU GESÙ E MARIA PER OGNI GIORNO DELL'ANNO. TOMO II MESE DI GENNAIO. LA CIRCONCISIONE. IL NOME DI GESÙ. L'EPIFANIA. LA PRESENTAZIONE DI GESÙ BAMBINO AL TEMPIO. FUGA IN EGITTO. VITA PRIVATA DI GESÙ A NAZARETH. BATTESIMO TENTAZIONI NEL DESERTO. C
650 ## - SUBJECT ADDED ENTRY--TOPICAL TERM
Topical term or geographic name as entry element VITA E MISTERO DI CRISTO
942 ## - ADDED ENTRY ELEMENTS (KOHA)
Koha item type LIBRO
957 ## -
-- 1
999 ## - SYSTEM CONTROL NUMBERS (KOHA)
-- Copie: 1
Dati di copia
Withdrawn status Lost status Damaged status Not for loan Home library Current library Date acquired Total Checkouts Full call number Date last seen Price effective from Koha item type Public note
    Buone Condizioni Not For Loan ALBA - Biblioteca ALBA - Biblioteca 16/01/2017   L232-6658 16/01/2017 16/01/2017 LIBRO (data import: 16 gennaio 2017) - By Epidotti, Vaglietti.
CREDITS: SOCIETA' SAN PAOLO Via A.Severo, 58 - ROMA (RM) & PERIODICI SAN PAOLO SRL Via Giotto, 36 MILANO & CISF Via Giotto, 36 MILANO & EDIZIONI SAN PAOLO SRL,  Piazza Soncino, 5 CINISELLO BALSAMO (MI) -- ITALY